00795nam a2200205Ia 450000500170000000800410001702000110005804000190006904100120008808200150010010000180011524501250013326000350025830000280029350400500032163001410037165000420051265100250055485000100057920240118092237.0131103s9999 xx 000 0 und d cRs. 70 aLoreto College aEnglish a327.1bMIS aMishra, P. K. aIndia, Pakistan, Nepal and Bangladeshb India as a factor in the intra-regional interaction in South Asia cP. K. Mishra aDelhibSundeep Prakashanc1979 aviii,286 p.b ill.,maps aIncludes bibliographical references and index aAsia(South) - Foreign Policy - India - Foreign Policy - Pakistan - Foreign Policy - Napal - Foreign Policy - Bangladesh - Foreign Policy aPolitics - International Relations -  aPolitical Science -  aLCLIB